| 000 | 00367nam a2200145Ia 4500 | ||
|---|---|---|---|
| 008 | 191201s2009 xx 000 0 und d | ||
| 082 |
_a343.595 _bJEE |
||
| 100 | _aJAIN,Khushpat S | ||
| 245 | 0 | _aExport Import Procedures and Documentation | |
| 250 | _aEd | ||
| 260 |
_aN.Delhi _bHimalaya Publication House _c2009 |
||
| 300 | _a407 | ||
| 650 | _aMBA | ||
| 942 |
_2ddc _cBK |
||
| 999 |
_c4314 _d4314 |
||